000
00220 a2200097 4500
001
52245
100
_a
Matthys R J
245
_a
Crystal Oscillator Circuits
260
_a
New York
_b
John Wiley
_c
090
_c
32905
_d
32905
942
_a
NUST-CAE
_c
M
_c
25453
999
_c
287318
_d
287318